[Event "Klatovy"]
[Site "?"]
[Date "2007.??.??"]
[Round "?"]
[White "Hlavac, R."]
[Black "Folkova, M."]
[Result "1/2-1/2"]
[WhiteElo "2095"]
[BlackElo "2195"]
[PlyCount "68"]
[EventDate "2007.??.??"]

1. e4 e5 2. Nf3 Nc6 3. Bb5 Nge7 4. c3 g6 5. d4 exd4 6. cxd4 d5 7. exd5 Nxd5 8.
O-O Bg7 9. Re1+ Be6 10. Nc3 O-O 11. Bg5 Qd6 12. Qd2 Nxc3 13. bxc3 Na5 14. Bh6
c6 15. Bxg7 Kxg7 16. Bd3 f6 17. Re4 Rfe8 18. Rae1 Bf7 19. Rxe8 Rxe8 20. Rxe8
Bxe8 21. c4 b6 22. h3 Bf7 23. c5 Qd5 24. cxb6 axb6 25. Qb4 Qxa2 26. Qxb6 Qa1+
27. Kh2 Qa2 28. Be4 Nc4 29. Qc5 Qxf2 30. Bxc6 Ne3 31. Ng1 g5 32. Qd6 h5 33. Qc7
g4 34. Kh1 Nf5 1/2-1/2

[Event "Klatovy"]
[Site "?"]
[Date "2007.??.??"]
[Round "?"]
[White "Pokrupa, M."]
[Black "Cvikl, M."]
[Result "1-0"]
[WhiteElo "2175"]
[BlackElo "2085"]
[PlyCount "59"]
[EventDate "2007.??.??"]

1. d4 d5 2. g3 g6 3. Bg2 Bg7 4. Nf3 Nf6 5. O-O O-O 6. c4 c5 7. cxd5 cxd4 8.
Nxd4 Nxd5 9. Nb5 a6 10. N5c3 Nxc3 11. Nxc3 Qa5 12. Qb3 Nc6 13. Be3 Nd4 14. Bxd4
Bxd4 15. Nd5 Be6 16. Nxe7+ Kh8 17. Qxb7 Ra7 18. Qe4 Bxf2+ 19. Rxf2 Rxe7 20. e3
Rd7 21. a3 Rfd8 22. Raf1 Rd2 23. Qf4 Qc5 24. h4 R8d3 25. Rxd2 Rxd2 26. Rf2 Qc1+
27. Bf1 Rxf2 28. Qxf2 Bc4 29. Qf6+ Kg8 30. Qd8+ 1-0

[Event "Klatovy"]
[Site "?"]
[Date "2007.??.??"]
[Round "?"]
[White "Turner, R."]
[Black "Herejk, P."]
[Result "1/2-1/2"]
[WhiteElo "2085"]
[BlackElo "2160"]
[PlyCount "137"]
[EventDate "2007.??.??"]

1. c4 e5 2. g3 Nf6 3. Bg2 d5 4. cxd5 Nxd5 5. Nc3 Nb6 6. Nf3 Nc6 7. O-O Be7 8.
a3 O-O 9. b4 Re8 10. d3 Bf8 11. Bb2 Bg4 12. Ne4 Nd4 13. Ned2 Qd7 14. e3 Nxf3+
15. Nxf3 Na4 16. Qc2 Nxb2 17. Qxb2 Qf5 18. Nh4 Qxd3 19. Bxb7 Rab8 20. Bc6 Re6
21. Rfc1 Be7 22. Rc3 Qa6 23. Bd7 Bxh4 24. Bxe6 Qxe6 25. e4 Bd8 26. Qc2 Rb6 27.
f3 Bh5 28. Rd1 Rd6 29. Rcd3 f6 30. g4 Be8 31. Qc5 Rxd3 32. Rxd3 Be7 33. Qxc7
Qb6+ 34. Qxb6 axb6 35. Rc3 Bd6 36. Rd3 Be7 37. Rc3 Kf7 38. Rc7 Ke6 39. Rb7 b5
40. Rc7 Kd6 41. Rc2 Bd8 42. Rd2+ Ke7 43. h4 Bb6+ 44. Kg2 Bd4 45. Rc2 Kd7 46. h5
Bf7 47. Kg3 Bb3 48. Rd2 Ke6 49. Re2 g6 50. hxg6 hxg6 51. Rd2 f5 52. gxf5+ gxf5
53. Rh2 fxe4 54. fxe4 Be3 55. Kf3 Bc1 56. Rh1 Bf4 57. Rg1 Kf6 58. Re1 Bf7 59.
Rh1 Bd2 60. Rh2 Bc1 61. Rh1 Bxa3 62. Rb1 Bc4 63. Ke3 Kg5 64. Kf3 Be6 65. Rg1+
Kh4 66. Rh1+ Bh3 67. Rb1 Bg4+ 68. Ke3 Bh5 69. Rh1+ 1/2-1/2

[Event "Klatovy"]
[Site "?"]
[Date "2007.??.??"]
[Round "?"]
[White "Trmota, Z."]
[Black "Palkova, K."]
[Result "1/2-1/2"]
[WhiteElo "2155"]
[BlackElo "2070"]
[PlyCount "61"]
[EventDate "2007.??.??"]

1. d4 d5 2. Nf3 Nf6 3. c4 e6 4. Nc3 Nbd7 5. cxd5 exd5 6. Bf4 c6 7. e3 Bb4 8. a3
Ba5 9. b4 Bc7 10. Bxc7 Qxc7 11. Bd3 O-O 12. O-O Re8 13. Qc2 Qd6 14. h3 b6 15.
Rfc1 Bb7 16. Bf1 Rac8 17. Qb3 h6 18. a4 Ne4 19. a5 Nxc3 20. Rxc3 Rb8 21. axb6
axb6 22. Ra7 Nf6 23. Rc2 Re7 24. Qa3 Ne4 25. Ba6 Bxa6 26. Rxa6 Rc7 27. Ne5 f6
28. Nd3 Qd7 29. Qc1 Nd6 30. Nf4 Nc4 31. Nd3 1/2-1/2

[Event "Klatovy"]
[Site "?"]
[Date "2007.??.??"]
[Round "?"]
[White "Vevera, R."]
[Black "Erneker, J."]
[Result "1/2-1/2"]
[WhiteElo "2080"]
[BlackElo "2155"]
[PlyCount "45"]
[EventDate "2007.??.??"]

1. e4 c5 2. c3 d5 3. exd5 Qxd5 4. d4 Nf6 5. Nf3 Nc6 6. Be2 e6 7. Na3 Qd8 8. O-O
cxd4 9. Nb5 Bd7 10. Nbxd4 Be7 11. c4 O-O 12. h3 Qb6 13. Nb3 Rfd8 14. Be3 Qc7
15. Qc1 b6 16. Rd1 Be8 17. Nfd4 Rac8 18. Nb5 Qb8 19. N3d4 a6 20. Nxc6 Bxc6 21.
Rxd8+ Rxd8 22. Nd4 Ba8 23. Bf3 1/2-1/2

[Event "Klatovy"]
[Site "?"]
[Date "2007.??.??"]
[Round "?"]
[White "Palla, R."]
[Black "Stluka, F."]
[Result "0-1"]
[WhiteElo "1800"]
[BlackElo "2145"]
[PlyCount "76"]
[EventDate "2007.??.??"]

1. e4 e5 2. Nf3 Nc6 3. Bb5 a6 4. Ba4 d6 5. O-O Bd7 6. c3 g6 7. h3 Bg7 8. d3 Nf6
9. Nh2 O-O 10. f4 Ne7 11. Bxd7 Nxd7 12. f5 d5 13. g4 f6 14. Be3 Rf7 15. Nf3 b5
16. Nbd2 c5 17. Qe2 d4 18. cxd4 cxd4 19. Bf2 g5 20. Nb3 Nc6 21. Rfc1 Rc8 22.
Be1 Bf8 23. a3 Bd6 24. Rc2 Nb6 25. Rac1 Rfc7 26. h4 h6 27. hxg5 hxg5 28. Qh2
Rh7 29. Qg3 Qe8 30. Na5 Nxa5 31. Bxa5 Rxc2 32. Rxc2 Na4 33. Nxd4 Bc5 34. Rxc5
Nxc5 35. Ne2 Qd7 36. d4 Nxe4 37. Qb3+ Qf7 38. Qe3 Qd5 0-1

[Event "Klatovy"]
[Site "?"]
[Date "2007.??.??"]
[Round "?"]
[White "Volak, M."]
[Black "Pospisil, J."]
[Result "1-0"]
[WhiteElo "2145"]
[BlackElo "1970"]
[PlyCount "59"]
[EventDate "2007.??.??"]

1. d4 Nf6 2. c4 g6 3. Nc3 c5 4. d5 d6 5. e4 b5 6. cxb5 a6 7. Nf3 Bg7 8. Bd3 O-O
9. O-O Nfd7 10. Qe2 Qb6 11. a4 axb5 12. Bxb5 Ba6 13. Bg5 Re8 14. Nd2 Bxb5 15.
Nxb5 Qb7 16. Nc4 Ra6 17. Bd2 Ne5 18. Ne3 Ra8 19. Bc3 Na6 20. f4 Nd7 21. Nc4 Nb4
22. Bxg7 Kxg7 23. b3 Ra6 24. Rad1 Kg8 25. Rf3 Rd8 26. Rdf1 Nb6 27. f5 gxf5 28.
Rg3+ Kh8 29. Rxf5 N4xd5 30. Rxf7 1-0

[Event "Klatovy"]
[Site "?"]
[Date "2007.??.??"]
[Round "?"]
[White "Jurek, J."]
[Black "Jakl, A."]
[Result "1-0"]
[WhiteElo "2380"]
[BlackElo "1965"]
[PlyCount "69"]
[EventDate "2007.??.??"]

1. c4 Nf6 2. Nc3 e5 3. g3 d6 4. Bg2 Nbd7 5. Nf3 g6 6. d4 Bg7 7. O-O O-O 8. e4
Re8 9. h3 a6 10. Re1 Rb8 11. Rb1 b6 12. d5 Nf8 13. Be3 h6 14. b4 g5 15. Nh2 Ng6
16. c5 Qd7 17. Qc2 g4 18. h4 Qe7 19. cxb6 cxb6 20. b5 a5 21. Na4 Qd8 22. Rec1
Bf8 23. Nxb6 Rxb6 24. Qxc8 Qxc8 25. Rxc8 Rxb5 26. Rxb5 Rxc8 27. Rxa5 h5 28. Nf1
Nd7 29. Nd2 Rc1+ 30. Bf1 Ne7 31. Nc4 Rd1 32. Ra8 f5 33. Bg5 Nxd5 34. exd5 Rxd5
35. Ne3 1-0

[Event "Klatovy"]
[Site "?"]
[Date "2007.??.??"]
[Round "?"]
[White "Kopta, P."]
[Black "Kracik, D."]
[Result "0-1"]
[WhiteElo "2325"]
[BlackElo "2050"]
[PlyCount "30"]
[EventDate "2007.??.??"]

1. d4 d5 2. c4 e6 3. Nc3 c5 4. cxd5 exd5 5. Nf3 Nc6 6. Bg5 f6 7. Bf4 cxd4 8.
Nxd4 Bb4 9. Nxc6 bxc6 10. Qa4 Qb6 11. a3 Bc5 12. Nxd5 Bxf2+ 13. Kd1 Qxb2 14.
Qxc6+ Kf7 15. Rc1 Be6 0-1

[Event "Klatovy"]
[Site "?"]
[Date "2007.??.??"]
[Round "?"]
[White "Novak, J."]
[Black "Vedral, O."]
[Result "0-1"]
[WhiteElo "2000"]
[BlackElo "2260"]
[PlyCount "92"]
[EventDate "2007.??.??"]

1. d4 Nf6 2. Nf3 b6 3. g3 Bb7 4. Bg2 e6 5. O-O Be7 6. c4 c5 7. dxc5 bxc5 8. Nc3
O-O 9. b3 Ne4 10. Nxe4 Bxe4 11. Bb2 Qc7 12. Ne1 Bxg2 13. Nxg2 Nc6 14. Nf4 a5
15. e3 a4 16. Nd3 Rfb8 17. Qc2 Ra7 18. Bc3 Nb4 19. Nxb4 cxb4 20. Bd4 Ra5 21.
Rfd1 e5 22. Bb2 a3 23. Bc1 d5 24. Qf5 g6 25. Qh3 dxc4 26. bxc4 Rd8 27. Rxd8+
Qxd8 28. Qf1 e4 29. Rb1 Ra7 30. c5 Rd7 31. Qc4 Rd1+ 32. Kg2 Qd3 33. Rxb4 Bxc5
34. Ra4 Bf8 35. h4 h5 36. Qxd3 exd3 37. Bxa3 d2 38. Ra8 Rg1+ 39. Kxg1 d1=Q+ 40.
Kh2 Qf3 41. Rxf8+ Kg7 42. Re8 Qxf2+ 43. Kh1 Qe1+ 44. Kg2 Qe2+ 45. Kg1 Qd1+ 46.
Kg2 Qc2+ 0-1

[Event "Klatovy"]
[Site "?"]
[Date "2007.??.??"]
[Round "?"]
[White "Rmoutil, M."]
[Black "Folk, P."]
[Result "0-1"]
[WhiteElo "2005"]
[BlackElo "2255"]
[PlyCount "65"]
[EventDate "2007.??.??"]

1. d4 Nf6 2. Nf3 g6 3. c4 Bg7 4. Nc3 O-O 5. e4 d6 6. Be2 e5 7. O-O Nc6 8. d5
Ne7 9. Ne1 Nd7 10. Be3 f5 11. f3 f4 12. Bf2 g5 13. b4 Nf6 14. c5 Ng6 15. cxd6
cxd6 16. Rc1 Rf7 17. Nb5 g4 18. Qc2 g3 19. hxg3 fxg3 20. Bxg3 Bh6 21. Rb1 a6
22. Nc3 Nh5 23. Bf2 Bf4 24. Nd3 Qg5 25. Rfe1 Bh3 26. Bf1 Rc8 27. Rb3 Rg7 28. g4
Bxg4 29. fxg4 Qxg4+ 30. Bg2 Nh4 31. Bxh4 Qxh4 32. Kf1 Qh2 33. Nxf4 0-1

[Event "Klatovy"]
[Site "?"]
[Date "2007.??.??"]
[Round "?"]
[White "Jaros, M."]
[Black "Cecil, P."]
[Result "1/2-1/2"]
[WhiteElo "2195"]
[BlackElo "2040"]
[PlyCount "72"]
[EventDate "2007.??.??"]

1. e4 e6 2. d4 d5 3. e5 b6 4. Bb5+ Bd7 5. Bd3 c5 6. c3 Nc6 7. Nf3 cxd4 8. cxd4
Nb4 9. Be2 Ne7 10. O-O Nf5 11. a3 Nc6 12. b4 Be7 13. Bb2 h5 14. Nbd2 g6 15. Nb3
a6 16. Qd2 Kf8 17. Bc3 Kg7 18. Rfb1 h4 19. h3 Nh6 20. Bd3 Nf5 21. Nh2 Nh6 22.
Qe2 Nb8 23. a4 Nc6 24. Nc1 a5 25. b5 Nb4 26. Bxb4 Bxb4 27. Na2 Be7 28. Nf3 Nf5
29. Rc1 Rc8 30. Rxc8 Bxc8 31. Rc1 Bd7 32. Rc3 Qb8 33. Qc2 Rc8 34. Rxc8 Qxc8 35.
Qxc8 Bxc8 36. Bxf5 gxf5 1/2-1/2

[Event "Klatovy"]
[Site "?"]
[Date "2007.??.??"]
[Round "?"]
[White "Blecha, M."]
[Black "Pokora, L."]
[Result "1-0"]
[WhiteElo "2190"]
[BlackElo "1995"]
[PlyCount "45"]
[EventDate "2007.??.??"]

1. e4 e5 2. Nf3 Nf6 3. Nxe5 d6 4. Nf3 Nxe4 5. Nc3 Nxc3 6. dxc3 Be7 7. Bf4 Nc6
8. Qd2 a6 9. O-O-O Be6 10. Kb1 Qd7 11. Bd3 h6 12. Rhe1 Bf6 13. Qe2 O-O 14. Qe4
Rfe8 15. Qh7+ Kf8 16. g4 Ke7 17. g5 hxg5 18. Bxg5 Rh8 19. Qxg7 Bxg5 20. Qxg5+
Kf8 21. Qf6 Rg8 22. Ng5 Ne5 23. f4 1-0

[Event "Klatovy"]
[Site "?"]
[Date "2007.??.??"]
[Round "?"]
[White "Huttner, M."]
[Black "Krejci, S."]
[Result "1/2-1/2"]
[WhiteElo "1980"]
[BlackElo "2185"]
[PlyCount "75"]
[EventDate "2007.??.??"]

1. e4 e5 2. Nf3 Nf6 3. Nxe5 d6 4. Nf3 Nxe4 5. d4 d5 6. Bd3 Nc6 7. O-O Be7 8.
Re1 Bg4 9. c3 f5 10. Nbd2 O-O 11. Nf1 Bh4 12. Ng3 Nxf2 13. Kxf2 f4 14. Qc2 h6
15. Bxf4 Rxf4 16. Re3 Qd6 17. Rae1 Raf8 18. Qe2 Nb8 19. Re8 Nd7 20. Kg1 R4f7
21. Nf5 Bxf5 22. Nxh4 Bxd3 23. Qxd3 Nf6 24. Nf5 Qf4 25. Ne7+ Rxe7 26. R8xe7 Ne4
27. Qe3 Qd6 28. Re5 c6 29. Rxe4 dxe4 30. Qxe4 Kh8 31. Qe5 Qg6 32. Qe7 Qf5 33.
Qe3 a5 34. Qe2 Qd5 35. b3 Qd7 36. Qe6 Qc7 37. Qe5 Qf7 38. Qe2 1/2-1/2

[Event "Klatovy"]
[Site "?"]
[Date "2007.??.??"]
[Round "?"]
[White "Vacek, M."]
[Black "Smid, M."]
[Result "0-1"]
[WhiteElo "1895"]
[BlackElo "2185"]
[PlyCount "90"]
[EventDate "2007.??.??"]

1. e4 g6 2. d4 Bg7 3. c4 d6 4. Nc3 Nf6 5. f3 O-O 6. Be3 c6 7. Qd2 a6 8. a4 Nbd7
9. Bd3 e5 10. d5 cxd5 11. cxd5 Nh5 12. g4 Nf4 13. h4 Qa5 14. Rb1 Qb4 15. Nh3
Nxd3+ 16. Qxd3 Nc5 17. Bxc5 Qxc5 18. b4 Qc7 19. O-O f5 20. gxf5 gxf5 21. Kh2
Qe7 22. Rg1 Qxh4 23. Rb2 fxe4 24. fxe4 Kh8 25. Rbg2 Bh6 26. Ne2 Bd7 27. b5 axb5
28. axb5 Ra4 29. Qf3 Qxh3+ 30. Qxh3 Bxh3 31. Kxh3 Rxe4 32. Nc3 Rc4 33. Nd1 Rf3+
34. Rg3 Rxg3+ 35. Rxg3 Bf4 36. Rg2 Rd4 37. Nf2 h5 38. Rg6 Be3 39. Nh1 Rxd5 40.
Ng3 Kh7 41. Re6 Bg5 42. Nf5 Rxb5 43. Nxd6 Rb3+ 44. Kg2 h4 45. Ne4 h3+ 0-1

[Event "Klatovy"]
[Site "?"]
[Date "2007.??.??"]
[Round "?"]
[White "Kubikova, A."]
[Black "Jonas, V."]
[Result "1-0"]
[WhiteElo "2155"]
[BlackElo "1985"]
[PlyCount "37"]
[EventDate "2007.??.??"]

1. d4 Nf6 2. c4 g6 3. Nc3 Bg7 4. e4 d6 5. f3 O-O 6. Be3 e5 7. d5 Nh5 8. g4 Nf4
9. Qd2 f5 10. gxf5 gxf5 11. O-O-O fxe4 12. Nxe4 Kh8 13. Ne2 Ng6 14. Bg5 Qe8 15.
h4 b5 16. N4g3 h5 17. Nxh5 bxc4 18. Nxg7 Kxg7 19. Bh6+ 1-0

[Event "Klatovy"]
[Site "?"]
[Date "2007.??.??"]
[Round "?"]
[White "Hacaperkova, L."]
[Black "Cakl, Z."]
[Result "1/2-1/2"]
[WhiteElo "1965"]
[BlackElo "2130"]
[PlyCount "28"]
[EventDate "2007.??.??"]

1. e4 c5 2. Nc3 Nc6 3. g3 d6 4. Bg2 g6 5. d3 Bg7 6. Be3 Rb8 7. Qd2 b5 8. f4 b4
9. Nd1 Bd7 10. h3 Nf6 11. g4 O-O 12. Ne2 Qc8 13. Ng3 Nd4 14. O-O Ba4 1/2-1/2

[Event "Klatovy"]
[Site "?"]
[Date "2007.??.??"]
[Round "?"]
[White "Skopec, L."]
[Black "Grill, R."]
[Result "1-0"]
[WhiteElo "1850"]
[BlackElo "2110"]
[PlyCount "131"]
[EventDate "2007.??.??"]

1. e4 e5 2. Nf3 Nc6 3. c3 d5 4. Bb5 Bg4 5. Qa4 Qd6 6. Nxe5 Bd7 7. Nxd7 Qxd7 8.
exd5 Qxd5 9. Bxc6+ bxc6 10. O-O Bd6 11. d4 Ne7 12. Nd2 O-O 13. Nf3 Qh5 14. Qc2
Rab8 15. Be3 Rb5 16. h3 Rf5 17. Qe4 Rf6 18. Ne5 Bxe5 19. Qxe5 Qxe5 20. dxe5 Re6
21. Bxa7 Rxe5 22. Rfe1 Ra5 23. Rxe7 Rxa7 24. a4 Rd8 25. b4 Kf8 26. Re3 g6 27.
Kf1 Rda8 28. a5 c5 29. Ke2 Rb7 30. Re4 cxb4 31. Rxb4 Rba7 32. Rb5 Ke7 33. Kd3
Rd8+ 34. Ke3 Rd6 35. Ra2 Raa6 36. c4 Re6+ 37. Kd4 Kd6 38. Kc3 Re1 39. Rab2 Rc1+
40. Kb4 Rc6 41. Rd5+ Ke6 42. Re2+ Kf6 43. Rd4 Rb1+ 44. Ka4 Ra6 45. Rf4+ Kg7 46.
Re7 c5 47. Rfxf7+ Kg8 48. Rg7+ Kf8 49. Rgf7+ Kg8 50. Rb7 Ra1+ 51. Kb3 R6xa5 52.
Rg7+ Kf8 53. Rxh7 R5a3+ 54. Kc2 R3a2+ 55. Kd3 Rd1+ 56. Kc3 Kg8 57. Rhg7+ Kh8
58. Rgc7 Rd8 59. Rxc5 Rxf2 60. Rg5 Rfd2 61. Rc7 R8d3+ 62. Kb4 Rb2+ 63. Kc5 Rc3
64. Rg4 Rcc2 65. g3 Rb1 66. Rc6 1-0

[Event "Klatovy"]
[Site "?"]
[Date "2007.??.??"]
[Round "?"]
[White "Rezac, J."]
[Black "Havlikova, K."]
[Result "1/2-1/2"]
[WhiteElo "1765"]
[BlackElo "2100"]
[PlyCount "75"]
[EventDate "2007.??.??"]

1. d4 Nf6 2. c4 g6 3. Nc3 Bg7 4. e4 d6 5. Nf3 O-O 6. Be2 e5 7. dxe5 dxe5 8.
Qxd8 Rxd8 9. O-O c6 10. Be3 Be6 11. Rfd1 Re8 12. Rd2 Ng4 13. Bc5 Nd7 14. Bd6 f6
15. h3 Nh6 16. c5 Bf8 17. b4 a5 18. Rb1 axb4 19. Rxb4 Nxc5 20. Bxc5 Bxc5 21.
Rxb7 Re7 22. Rxe7 Bxe7 23. Rc2 Nf7 24. Nd2 Bb4 25. Ndb1 Ra5 26. Rb2 Bd6 27. a4
f5 28. Nd2 Rc5 29. Na2 Ng5 30. f3 Bxa2 31. Rxa2 Rc1+ 32. Kh2 Bc5 33. exf5 gxf5
34. a5 e4 35. a6 Ba7 36. fxe4 Nxe4 37. Nxe4 fxe4 38. Kg3 1/2-1/2

[Event "Klatovy"]
[Site "?"]
[Date "2007.??.??"]
[Round "?"]
[White "Hadrava, J."]
[Black "Forman, M."]
[Result "1-0"]
[WhiteElo "1870"]
[BlackElo "2060"]
[PlyCount "63"]
[EventDate "2007.??.??"]

1. e4 c5 2. Nf3 e6 3. d4 cxd4 4. Nxd4 a6 5. Nc3 d6 6. a4 Nf6 7. Be2 Be7 8. Be3
O-O 9. O-O Nbd7 10. Qe1 Qc7 11. f4 b6 12. Qg3 Kh8 13. Bf3 Bb7 14. e5 Ne8 15.
exd6 Nxd6 16. f5 e5 17. Bxb7 Qxb7 18. Nb3 Nc4 19. Bc1 Nf6 20. Nd2 Ne3 21. Qf3
Qc7 22. Nde4 Nxf1 23. Kxf1 Rac8 24. Be3 Qc4+ 25. Kg1 Nxe4 26. Nxe4 Bc5 27. Bxc5
bxc5 28. c3 Rfd8 29. f6 g6 30. Qe3 g5 31. Nxg5 Rg8 32. Qh3 1-0

[Event "Klatovy"]
[Site "?"]
[Date "2007.??.??"]
[Round "?"]
[White "Vanka, M."]
[Black "Kubat, M."]
[Result "1-0"]
[WhiteElo "2185"]
[BlackElo "1940"]
[PlyCount "39"]
[EventDate "2007.??.??"]

1. d4 f5 2. Nc3 d5 3. Bg5 c6 4. e4 fxe4 5. f3 e3 6. Bxe3 Qb6 7. Qd2 Bf5 8.
O-O-O Nd7 9. Re1 O-O-O 10. g4 Bg6 11. Na4 Qc7 12. Bf4 e5 13. dxe5 Nb6 14. e6
Qe7 15. Nxb6+ axb6 16. Bd3 Bxd3 17. Qxd3 Nf6 18. Qf5 Ne8 19. Qe5 Nd6 20. Bg5
1-0

[Event "Klatovy"]
[Site "?"]
[Date "2007.??.??"]
[Round "?"]
[White "Kaderabek, J."]
[Black "Straka, V."]
[Result "1/2-1/2"]
[WhiteElo "2185"]
[BlackElo "1930"]
[PlyCount "30"]
[EventDate "2007.??.??"]

1. d4 d5 2. Nf3 Nf6 3. c4 c6 4. e3 Bf5 5. Nc3 e6 6. Nh4 Bg4 7. Qc2 Bb4 8. Bd3
dxc4 9. Bxc4 c5 10. dxc5 Bxc5 11. Bd2 O-O 12. Nf3 Nc6 13. a3 a6 14. Rd1 Qe7 15.
Ne4 Nxe4 1/2-1/2

[Event "Klatovy"]
[Site "?"]
[Date "2007.??.??"]
[Round "?"]
[White "Hacaperka, M."]
[Black "Framberk, J."]
[Result "1/2-1/2"]
[WhiteElo "1935"]
[BlackElo "2075"]
[PlyCount "40"]
[EventDate "2007.??.??"]

1. e4 c5 2. f4 Nc6 3. Nf3 g6 4. Bb5 Bg7 5. O-O e6 6. c4 Nge7 7. Nc3 O-O 8. d3
d6 9. Qe1 Rb8 10. Bxc6 Nxc6 11. g4 f5 12. gxf5 exf5 13. Nd5 Ne7 14. Qh4 Nxd5
15. Qxd8 Rxd8 16. exd5 Re8 17. Kf2 Bd7 18. Rb1 b5 19. b3 Re7 20. Bd2 b4 1/2-1/2

[Event "Klatovy"]
[Site "?"]
[Date "2007.??.??"]
[Round "?"]
[White "Novotny, J."]
[Black "Skut, M."]
[Result "1-0"]
[WhiteElo "2055"]
[BlackElo "1895"]
[PlyCount "71"]
[EventDate "2007.??.??"]

1. e4 c5 2. Nf3 Nc6 3. d4 cxd4 4. Nxd4 Nf6 5. Nc3 e5 6. Ndb5 d6 7. Bg5 a6 8.
Na3 b5 9. Bxf6 gxf6 10. Nd5 f5 11. exf5 Bxf5 12. c3 Bg7 13. Nc2 O-O 14. Nce3
Be6 15. g3 f5 16. Qh5 Ra7 17. Bg2 b4 18. O-O bxc3 19. bxc3 Kh8 20. g4 Bf7 21.
Qh3 f4 22. Be4 h6 23. Nf5 Bxd5 24. Bxd5 Nb8 25. Rab1 Qf6 26. Rb6 Rd7 27. Rfb1
Rdd8 28. Kh1 Rfe8 29. f3 Bf8 30. Rb7 Nd7 31. g5 Qxg5 32. Rg1 Qf6 33. Qh5 e4 34.
Rg6 e3 35. Rxf6 Nxf6 36. Qg6 1-0

[Event "Klatovy"]
[Site "?"]
[Date "2007.??.??"]
[Round "?"]
[White "Paldus, P."]
[Black "Muzikar, M."]
[Result "1-0"]
[WhiteElo "2045"]
[BlackElo "1890"]
[PlyCount "85"]
[EventDate "2007.??.??"]

1. e4 c5 2. g3 d6 3. Bg2 Nc6 4. d3 g6 5. c4 Bg7 6. Nc3 Nf6 7. f4 Bg4 8. Bf3 Bd7
9. Nge2 e6 10. O-O Rb8 11. Be3 a6 12. Qd2 O-O 13. e5 Ne8 14. exd6 b6 15. Ne4 f5
16. Ng5 h6 17. Bxc6 hxg5 18. Bxd7 Qxd7 19. fxg5 Nxd6 20. Nf4 Qf7 21. Rad1 Rfd8
22. Qg2 Rd7 23. a4 Rbd8 24. Qe2 a5 25. Bd2 Bxb2 26. Qxe6 Qxe6 27. Nxe6 Re8 28.
Nf4 Kf7 29. Rfe1 Rxe1+ 30. Rxe1 Nxc4 31. dxc4 Rxd2 32. Re6 Bd4+ 33. Kh1 Rd1+
34. Kg2 Rd2+ 35. Re2 Rxe2+ 36. Nxe2 Be3 37. h4 Ke6 38. Kf3 Bd2 39. Nf4+ Ke5 40.
Nxg6+ Kd4 41. Ne7 Kxc4 42. g6 Bc3 43. h5 1-0

[Event "Klatovy"]
[Site "?"]
[Date "2007.??.??"]
[Round "?"]
[White "Danek, V."]
[Black "Hruska, O."]
[Result "1-0"]
[WhiteElo "2020"]
[BlackElo "1880"]
[PlyCount "53"]
[EventDate "2007.??.??"]

1. e4 c5 2. Nf3 d6 3. d4 cxd4 4. Nxd4 Nf6 5. Nc3 a6 6. Be2 e6 7. f4 Be7 8. Bf3
O-O 9. O-O Qc7 10. Kh1 Nc6 11. Be3 Nd7 12. f5 Nde5 13. fxe6 fxe6 14. Nxc6 bxc6
15. Qe2 d5 16. Rae1 Nc4 17. Bc1 Bd6 18. exd5 exd5 19. Nxd5 cxd5 20. Bxd5+ Kh8
21. Rxf8+ Bxf8 22. Bxa8 Bd7 23. b3 Nd6 24. Bf4 Qb6 25. Rd1 Qb4 26. Bxd6 Bxd6
27. Qd2 1-0

[Event "Klatovy"]
[Site "?"]
[Date "2007.??.??"]
[Round "?"]
[White "Sibl, V."]
[Black "Havlik, J."]
[Result "0-1"]
[WhiteElo "1900"]
[BlackElo "2020"]
[PlyCount "136"]
[EventDate "2007.??.??"]

1. d4 e6 2. Nf3 Nf6 3. Bf4 c5 4. e3 Nc6 5. c3 d5 6. Nbd2 Qb6 7. Qc1 Bd7 8. h3
Rc8 9. Bd3 cxd4 10. exd4 Nb4 11. Bb1 Bb5 12. a3 Nd3+ 13. Bxd3 Bxd3 14. Ne5 Ba6
15. a4 Bd6 16. Qb1 O-O 17. g4 Rfd8 18. f3 Nd7 19. Nxd7 Rxd7 20. Bxd6 Qxd6 21.
Kf2 e5 22. dxe5 Qxe5 23. Qd1 Qd6 24. Qg1 Re7 25. Re1 Rce8 26. Rxe7 Rxe7 27. c4
dxc4 28. Ne4 Qd4+ 29. Kg3 Qxb2 30. Qxa7 Qe5+ 31. Kf2 h6 32. Qc5 Qb2+ 33. Kg3
Re8 34. Rh2 Qa1 35. a5 Qe1+ 36. Rf2 Qg1+ 37. Rg2 Qxc5 38. Nxc5 Rc8 39. Nxa6
bxa6 40. Rc2 Rc5 41. Kf4 Kh7 42. Ke4 Kg6 43. f4 h5 44. Kd4 Rxa5 45. Rc3 Ra4 46.
Ke5 f6+ 47. Kd4 hxg4 48. hxg4 Kf7 49. Kd5 Ke7 50. Kc5 Kd7 51. f5 Kc7 52. Kd5
Kb6 53. Ke6 Kc5 54. Kf7 Kd4 55. Rc1 c3 56. Kxg7 Kd3 57. Rg1 c2 58. Kxf6 Rxg4
59. Rh1 Kd2 60. Rh2+ Kc3 61. Rh1 Kb2 62. Ke7 c1=Q 63. Rxc1 Kxc1 64. f6 Rf4 65.
f7 Rxf7+ 66. Kxf7 a5 67. Ke6 a4 68. Kd5 a3 0-1

[Event "Klatovy"]
[Site "?"]
[Date "2007.??.??"]
[Round "?"]
[White "Pravdik, K."]
[Black "Kalivoda, L."]
[Result "1-0"]
[WhiteElo "2015"]
[BlackElo "1865"]
[PlyCount "129"]
[EventDate "2007.??.??"]

1. e4 c6 2. d4 d5 3. Nc3 dxe4 4. Nxe4 Bf5 5. Ng3 Bg6 6. h4 h6 7. Nf3 Nd7 8. h5
Bh7 9. Bd3 Bxd3 10. Qxd3 Ngf6 11. Bd2 e6 12. O-O-O Qc7 13. Ne4 Nxe4 14. Qxe4
Nf6 15. Qe2 Bd6 16. Ne5 O-O-O 17. Rh3 Kb8 18. Rb3 Rc8 19. Kb1 c5 20. Qf3 cxd4
21. Nc4 b6 22. Nxd6 Qxd6 23. c3 e5 24. cxd4 e4 25. Bf4 exf3 26. Bxd6+ Kb7 27.
Rxf3 Rhe8 28. Be5 Re6 29. Bxf6 Rxf6 30. Rxf6 gxf6 31. Rd3 Rd8 32. Rf3 Rd6 33.
Kc2 Kc6 34. Kd3 Kd5 35. Rg3 Rc6 36. Rg8 Rc1 37. Rd8+ Ke6 38. Ra8 Rb1 39. Kc3
Rc1+ 40. Kd3 Rb1 41. b3 Rb2 42. Rxa7 Rxf2 43. Ra6 Kd5 44. Rxb6 Rxa2 45. Rxf6
Rxg2 46. Rf5+ Ke6 47. Re5+ Kd6 48. Ra5 Ke7 49. b4 Rb2 50. Kc4 Rc2+ 51. Kd5 Rb2
52. Kc5 f5 53. b5 f4 54. Ra3 Ke6 55. Ra6+ Kf5 56. Rxh6 f3 57. Rh8 f2 58. Rf8+
Ke4 59. h6 Rc2+ 60. Kb6 f1=Q 61. Rxf1 Rh2 62. Rf6 Kxd4 63. Kb7 Kc5 64. b6 Rh5
65. Kc8 1-0

[Event "Klatovy"]
[Site "?"]
[Date "2007.??.??"]
[Round "?"]
[White "Vlcek, M."]
[Black "Peniska, P."]
[Result "1-0"]
[WhiteElo "1890"]
[BlackElo "2015"]
[PlyCount "95"]
[EventDate "2007.??.??"]

1. Nf3 Nf6 2. c4 g6 3. b4 Bg7 4. Bb2 O-O 5. g3 d6 6. Bg2 e5 7. d3 Nc6 8. a3 Bd7
9. b5 Ne7 10. h3 c6 11. a4 a6 12. Nc3 axb5 13. axb5 Ra5 14. Rxa5 Qxa5 15. Qb3
e4 16. Nd2 e3 17. fxe3 Nf5 18. Kf2 Re8 19. Nce4 Nxe4+ 20. Nxe4 Qb6 21. c5 Qxb5
22. Qxb5 cxb5 23. Bxg7 Kxg7 24. cxd6 Re6 25. Nc5 Rxd6 26. Nxd7 Rxd7 27. Rb1 Nd6
28. e4 f6 29. Rb4 Kf7 30. e3 Rc7 31. Rb2 Ke6 32. Bf1 Rc1 33. Be2 Kd7 34. Bg4+
Ke7 35. Be2 h5 36. Kf3 Kd7 37. h4 Kc6 38. Kf4 Rc5 39. d4 g5+ 40. hxg5 fxg5+ 41.
Kf3 Rc3 42. e5 Nf5 43. Kf2 Nxe3 44. Bf3+ Kb6 45. Bxh5 Rc2+ 46. Rxc2 Nxc2 47. e6
Kc7 48. e7 1-0

[Event "Klatovy"]
[Site "?"]
[Date "2007.??.??"]
[Round "?"]
[White "Rakous, P."]
[Black "Svec, L."]
[Result "1-0"]
[WhiteElo "2010"]
[BlackElo "1855"]
[PlyCount "71"]
[EventDate "2007.??.??"]

1. Nf3 Nf6 2. c4 e6 3. g3 d5 4. Bg2 Nbd7 5. b3 Bd6 6. d4 O-O 7. O-O Ne4 8. Bb2
Ndf6 9. Nbd2 c6 10. Rc1 Bd7 11. Rc2 Rc8 12. Qa1 Re8 13. a4 Qe7 14. Ne5 Nxd2 15.
Rxd2 a5 16. Nd3 Rb8 17. Rc2 Rec8 18. Bc3 Ra8 19. Qe1 b6 20. Bb2 h6 21. c5 Bc7
22. cxb6 Bxb6 23. Qc1 Be8 24. Ba3 Qa7 25. Bc5 Ne4 26. Bxb6 Qxb6 27. Bxe4 dxe4
28. Nc5 Rd8 29. e3 e5 30. dxe5 Rd5 31. e6 fxe6 32. Nxe6 Bd7 33. Nf4 Rd6 34. Qa3
Rd8 35. Qxd6 Bh3 36. Qxc6 1-0

[Event "Klatovy"]
[Site "?"]
[Date "2007.??.??"]
[Round "?"]
[White "Grabarczyk, S."]
[Black "Kovar, P."]
[Result "0-1"]
[WhiteElo "1860"]
[BlackElo "2005"]
[PlyCount "104"]
[EventDate "2007.??.??"]

1. e4 c5 2. Nc3 Nc6 3. g3 g6 4. Bg2 Bg7 5. d3 b6 6. Nf3 e6 7. Bg5 Nge7 8. e5
O-O 9. Qd2 Bb7 10. O-O d5 11. Qe2 Qd7 12. Rfe1 Rac8 13. Rad1 Nf5 14. g4 Nfd4
15. Nxd4 cxd4 16. Nb5 Nxe5 17. Nxd4 Qa4 18. c3 Rfe8 19. f4 Nc6 20. Nf5 gxf5 21.
gxf5 h6 22. b3 Qa5 23. b4 Qb5 24. Bh4 d4 25. f6 Bf8 26. Be4 Nd8 27. Qg2+ Kh8
28. Bxb7 Nxb7 29. Qxb7 Qh5 30. Bg3 dxc3 31. Rc1 Bxb4 32. d4 Qg6 33. f5 exf5 34.
Kf2 a5 35. a4 c2 36. Rxe8+ Rxe8 37. Qd7 Re4 38. Rxc2 Be1+ 39. Kf1 Bxg3 40. Rc8+
Kh7 41. hxg3 Qxf6 42. Rc6 Re6 43. Rc7 Kg7 44. Qd5 f4 45. Rc3 Rd6 46. Qg2 fxg3+
47. Rf3 Qxd4 48. Rxg3+ Rg6 49. Rxg6+ fxg6 50. Qb7+ Kf6 51. Qc6+ Kf5 52. Kg2
Qe4+ 0-1